000 00805nam a2200253Ia 4500
003 OSt
005 20221006143023.0
006 a|||||r|||| 00| 0
007 ta
008 221006b |||||||| |||| 00| 0 chi d
024 _a7,812
037 _bGift, Japan Foundation
_cTextual
040 _aEASL
_cEASL
_bchi
041 _2chi
_achi
082 _aY4(J).42, L7
100 _aKIKUCHI Masao
_9648960
245 0 _aInducemnts to institutional innovations in an agrarian society
260 _aTokyo
_bInternational Development Center of Japan Japan
_c1977
300 _a23p.
_ccm.
490 _v JEL
_aIDCJ Working Paper Series No.A-07
700 _a HAYAMI Yujiro
942 _hY4(J).42, L7
_cTEXL
_2CC
999 _c1075898
_d1075898